[Event "Collado Villalba op-A 35th"]
[Site "Collado Villalba ESP"]
[Date "2018.08.25"]
[Round "2.5"]
[White "Perez Gonzalez, Jose Manuel"]
[Black "Khudov, Oleksandr"]
[Result "1-0"]
[WhiteElo "2277"]
[BlackElo "2021"]
[PlyCount "99"]
[EventDate "2018.08.24"]
[EventType "swiss"]
[EventRounds "9"]
[EventCountry "ESP"]
[SourceTitle "Ajedrez en Madrid"]
[Source "lmi"]
[SourceDate "2018.08.24"]

1. e4 e6 2. d4 d5 3. Nd2 c5 4. exd5 Qxd5 5. Ngf3 cxd4 6. Bc4 Qd6 7. O-O Nf6 8.
Nb3 Nc6 9. Nbxd4 Nxd4 10. Nxd4 a6 11. c3 Qc7 12. Qe2 Be7 13. Bg5 O-O 14. Rfe1
Rd8 15. Nf5 Bf8 16. Nh6+ Kh8 17. Bxf6 gxf6 18. Qh5 Bxh6 19. Qxh6 Qe7 20. Re3
Rg8 21. Bd3 Rg7 22. Rg3 Rg6 23. Bxg6 fxg6 24. Rxg6 f5 25. Re1 Bd7 26. Rgxe6
Bxe6 27. Qxe6 Qxe6 28. Rxe6 Rd8 29. Kf1 Rd7 30. Ke2 Kg8 31. Re5 Rf7 32. a4 Kg7
33. Re6 Rd7 34. Rb6 Kf7 35. Ke3 Ke7 36. Kf4 Kd8 37. Rb4 Kc7 38. Rd4 Re7 39. Rd2
Rf7 40. b4 Kc6 41. c4 Rg7 42. f3 Rf7 43. Rd5 Re7 44. Rxf5 Re2 45. g4 Rxh2 46.
Rh5 Rc2 47. Rh6+ Kc7 48. Rxh7+ Kb8 49. g5 Rxc4+ 50. Kf5 1-0

[Event "Collado Villalba op-A 35th"]
[Site "Collado Villalba ESP"]
[Date "2018.08.25"]
[Round "2.6"]
[White "Martin Martin, Luis Vicente"]
[Black "Longa Yauca, Javier"]
[Result "0-1"]
[WhiteElo "1998"]
[BlackElo "2268"]
[PlyCount "118"]
[EventDate "2018.08.24"]
[EventType "swiss"]
[EventRounds "9"]
[EventCountry "ESP"]
[SourceTitle "Ajedrez en Madrid"]
[Source "lmi"]
[SourceDate "2018.08.24"]

1. d4 Nf6 2. Bf4 d6 3. Nf3 g6 4. e3 Bg7 5. h3 O-O 6. Be2 c5 7. c3 Qb6 8. Qb3
Qxb3 9. axb3 b6 10. O-O Bb7 11. Nbd2 Nc6 12. Rfd1 cxd4 13. exd4 Rfd8 14. b4 a6
15. Nc4 Nd5 16. Bg3 b5 17. Na5 Nxa5 18. bxa5 Rac8 19. Nd2 Ba8 20. Bf3 f5 21.
Re1 Bf6 22. Bh2 Bg5 23. Rad1 Kf7 24. g4 e6 25. Re2 Bf4 26. Bxd5 Bxh2+ 27. Kxh2
Bxd5 28. f4 Rc7 29. Re3 Kf6 30. Rg1 b4 31. Ra1 Rb8 32. Kg3 bxc3 33. bxc3 Rb2
34. Rd3 fxg4 35. hxg4 Rc2 36. Ra3 h6 37. Nf3 g5 38. fxg5+ hxg5 39. Nd2 Kg6 40.
c4 Bxc4 41. Nxc4 R7xc4 42. Rab3 Kf6 43. Rf3+ Ke7 44. Rb7+ Rc7 45. Rb8 R2c3 46.
Rb6 R7c4 47. Rxa6 Rxf3+ 48. Kxf3 Rxd4 49. Rb6 Rf4+ 50. Kg3 Ra4 51. a6 Ra3+ 52.
Kf2 e5 53. Rb7+ Ke6 54. a7 Kd5 55. Ke2 e4 56. Kd2 Kd4 57. Rb4+ Ke5 58. Rb7 d5
59. Rg7 Kd4 0-1

[Event "Collado Villalba op-A 35th"]
[Site "Collado Villalba ESP"]
[Date "2018.08.25"]
[Round "2.7"]
[White "Martinez Fernandez, Raul"]
[Black "Lopez de Turiso, Jose Angel"]
[Result "1/2-1/2"]
[WhiteElo "2199"]
[BlackElo "1990"]
[PlyCount "110"]
[EventDate "2018.08.24"]
[EventType "swiss"]
[EventRounds "9"]
[EventCountry "ESP"]
[SourceTitle "Ajedrez en Madrid"]
[Source "lmi"]
[SourceDate "2018.08.24"]

1. e4 e5 2. f4 Nc6 3. Nf3 f5 4. exf5 e4 5. Ng5 Nf6 6. Be2 Bc5 7. Nc3 d5 8. Bh5+
Kf8 9. Nf7 Qe8 10. Nxh8 Qxh5 11. Qxh5 Nxh5 12. Nxd5 Bxf5 13. b4 Nxb4 14. Nxb4
Bxb4 15. Rb1 a5 16. c3 e3 17. Rb3 exd2+ 18. Kxd2 Rd8+ 19. Ke1 Bc2 20. cxb4 Rd1+
21. Ke2 Rxh1 22. Rc3 Rxc1 23. Kd2 Rg1 24. Kxc2 Rxg2+ 25. Kb3 c6 26. bxa5 g6 27.
Rd3 Re2 28. a6 bxa6 29. Rd6 Ng7 30. Nxg6+ hxg6 31. Rxg6 Re6 32. Rxe6 Nxe6 33.
Kc4 Ke7 34. f5 Nd8 35. Kc5 Kd7 36. Kb6 Nf7 37. Kxa6 Kc7 38. Ka5 Nd6 39. f6 Nf7
40. Kb4 Kb6 41. a4 c5+ 42. Kc4 Kc6 43. Kb3 Kb6 44. h4 Kc6 45. h5 Nh6 46. Kc4
Nf7 47. Kb3 Kd5 48. a5 Kc6 49. a6 Kb6 50. Kc4 Kc6 51. a7 Nd6+ 52. Kb3 Kb7 53.
f7 Nxf7 54. Kc4 Kxa7 55. Kxc5 Kb7 1/2-1/2

[Event "Collado Villalba op-A 35th"]
[Site "Collado Villalba ESP"]
[Date "2018.08.25"]
[Round "2.8"]
[White "Lopez Mijail, Nicolas"]
[Black "Valles Moreno, Ivan"]
[Result "0-1"]
[WhiteElo "1983"]
[BlackElo "2416"]
[PlyCount "82"]
[EventDate "2018.08.24"]
[EventType "swiss"]
[EventRounds "9"]
[EventCountry "ESP"]
[SourceTitle "Ajedrez en Madrid"]
[Source "lmi"]
[SourceDate "2018.08.24"]

1. e4 d6 2. d4 Nf6 3. Nc3 e5 4. dxe5 dxe5 5. Qxd8+ Kxd8 6. Bg5 Nbd7 7. O-O-O
Bd6 8. Nf3 a6 9. Nd5 Ke8 10. Bxf6 Nxf6 11. Nxf6+ gxf6 12. Nh4 Bc5 13. f3 h5 14.
g3 c6 15. Nf5 Bxf5 16. exf5 h4 17. g4 Be3+ 18. Kb1 Ke7 19. c3 Rhd8 20. Bd3 Rd7
21. Be2 Bd2 22. Kc2 Rad8 23. Rhg1 Kf8 24. Rg2 Be3 25. Rxd7 Rxd7 26. Bd3 Kg7 27.
Re2 Bf4 28. Be4 Kh6 29. Bd3 Kg5 30. Be4 h3 31. Bd3 Kh4 32. Be4 Bh6 33. b4 Bf8
34. Rd2 Rxd2+ 35. Kxd2 Bh6+ 36. Ke2 Bf4 37. a4 Bxh2 38. b5 cxb5 39. axb5 axb5
40. Bxb7 Bg1 41. Kf1 Bc5 0-1

[Event "Collado Villalba op-A 35th"]
[Site "Collado Villalba ESP"]
[Date "2018.08.25"]
[Round "2.9"]
[White "Mkrtchyan, Levon"]
[Black "Lopez Heras, Arturo"]
[Result "1-0"]
[WhiteElo "2128"]
[BlackElo "1863"]
[PlyCount "107"]
[EventDate "2018.08.24"]
[EventType "swiss"]
[EventRounds "9"]
[EventCountry "ESP"]
[SourceTitle "Ajedrez en Madrid"]
[Source "lmi"]
[SourceDate "2018.08.24"]

1. e4 c5 2. Nf3 d6 3. d4 cxd4 4. Nxd4 Nf6 5. Nc3 a6 6. Bc4 e6 7. Bb3 b5 8. a3
Be7 9. O-O Bd7 10. Bg5 Nc6 11. Re1 Qc7 12. Qd2 O-O 13. h3 Rad8 14. Rad1 Nxd4
15. Qxd4 Bc8 16. Kh1 Bb7 17. f4 h6 18. Bh4 Nh5 19. Bxe7 Qxe7 20. Qf2 Qf6 21. g3
Qg6 22. Kh2 Nf6 23. f5 exf5 24. exf5 Qh5 25. Rd4 Rfe8 26. Rxe8+ Rxe8 27. g4 Qg5
28. Rxd6 Qc1 29. Rd1 Qxb2 30. Qc5 Rc8 31. Qe7 Bd5 32. Rxd5 Nxd5 33. Nxd5 Rxc2+
34. Bxc2 Qxc2+ 35. Kg3 Qb3+ 36. Ne3 a5 37. Kf3 b4 38. axb4 a4 39. Qe8+ Kh7 40.
b5 a3 41. Qa8 a2 42. b6 Qb1 43. b7 Qh1+ 44. Kf2 a1=Q 45. Qxa1 Qxb7 46. Qe5 f6
47. Qd5 Qc7 48. Ng2 Qc2+ 49. Kg3 Qc3+ 50. Qf3 Qe5+ 51. Qf4 Qc3+ 52. Qe3 Qc7+
53. Nf4 Qd6 54. Kh4 1-0

[Event "Collado Villalba op-A 35th"]
[Site "Collado Villalba ESP"]
[Date "2018.08.25"]
[Round "2.10"]
[White "Cid Garcia, Ramon"]
[Black "Pastor Alonso de Prado, Emilio Alberto"]
[Result "0-1"]
[WhiteElo "1857"]
[BlackElo "2112"]
[PlyCount "72"]
[EventDate "2018.08.24"]
[EventType "swiss"]
[EventRounds "9"]
[EventCountry "ESP"]
[SourceTitle "Ajedrez en Madrid"]
[Source "lmi"]
[SourceDate "2018.08.24"]

1. c4 e6 2. g3 d5 3. Nf3 Nf6 4. Bg2 Be7 5. O-O O-O 6. b3 b6 7. Bb2 Bb7 8. cxd5
Nxd5 9. d4 Na6 10. Nbd2 c5 11. a3 Rc8 12. Rc1 Nf6 13. dxc5 Nxc5 14. b4 Ncd7 15.
Qa4 a6 16. Nd4 b5 17. Qb3 Qb6 18. Bxb7 Qxb7 19. Qf3 Nd5 20. N4b3 Rxc1 21. Rxc1
Rc8 22. e4 Rxc1+ 23. Nxc1 N5b6 24. Qc3 Bf6 25. Qc2 Bxb2 26. Qxb2 Qc6 27. Nd3 f6
28. Qc1 Qd6 29. Nc5 Ne5 30. Ndb3 Nbc4 31. Nb7 Qd3 32. N7c5 Nf3+ 33. Kg2 Qe2 34.
Qc3 Ne1+ 35. Kg1 Ne5 36. Nd4 Qd1 0-1

[Event "Collado Villalba op-A 35th"]
[Site "Collado Villalba ESP"]
[Date "2018.08.25"]
[Round "2.12"]
[White "Carrasco Coquillat, Alvaro"]
[Black "Camarero Izquierdo, Juan Carlos"]
[Result "1-0"]
[WhiteElo "1865"]
[BlackElo "1963"]
[PlyCount "57"]
[EventDate "2018.08.24"]
[EventType "swiss"]
[EventRounds "9"]
[EventCountry "ESP"]
[SourceTitle "Ajedrez en Madrid"]
[Source "lmi"]
[SourceDate "2018.08.24"]

1. d4 f5 2. Nc3 d5 3. Bf4 e6 4. Nb5 Na6 5. e3 c6 6. Nc3 Qb6 7. Qc1 Nf6 8. a3
Bd7 9. Bd3 Ne4 10. Bxe4 fxe4 11. b4 Qd8 12. f3 Qf6 13. fxe4 Qg6 14. Qd2 dxe4
15. Nge2 Be7 16. Ng3 Bh4 17. O-O Bxg3 18. Bxg3 O-O-O 19. Rf4 e5 20. Rxe4 exd4
21. Rxd4 c5 22. Rd6 Be6 23. Nb5 b6 24. Nxa7+ Kb7 25. Rxd8 Rxd8 26. Qxd8 Kxa7
27. b5 Qe4 28. Qe7+ Ka8 29. bxa6 1-0

[Event "Collado Villalba op-A 35th"]
[Site "Collado Villalba ESP"]
[Date "2018.08.25"]
[Round "2.13"]
[White "Baeza Escudero, Javier"]
[Black "Fernandez Garcia, Ignacio"]
[Result "1-0"]
[WhiteElo "1941"]
[BlackElo "1811"]
[PlyCount "81"]
[EventDate "2018.08.24"]
[EventType "swiss"]
[EventRounds "9"]
[EventCountry "ESP"]
[SourceTitle "Ajedrez en Madrid"]
[Source "lmi"]
[SourceDate "2018.08.24"]

1. e4 e6 2. d4 d5 3. Nd2 Nf6 4. e5 Nfd7 5. Bd3 c5 6. c3 Nc6 7. Ne2 Be7 8. O-O
f5 9. Nf4 Nf8 10. Nf3 Ng6 11. Nh3 cxd4 12. cxd4 Qb6 13. Bg5 O-O 14. Bxe7 Ncxe7
15. Qb3 Qxb3 16. axb3 Bd7 17. b4 a6 18. Nd2 Nc6 19. Nb3 Nxb4 20. Be2 h6 21. Nc5
Bc8 22. Bh5 Kh7 23. Ra3 b6 24. Na4 Rb8 25. Rc1 Bd7 26. g3 a5 27. Rc7 Bxa4 28.
Rxa4 Nd3 29. Ra3 Nxb2 30. Bxg6+ Kxg6 31. Nf4+ Kh7 32. Nxe6 Rg8 33. Rf3 a4 34.
g4 fxg4 35. Rff7 a3 36. Nxg7 Rxg7 37. Rxg7+ Kh8 38. Rh7+ Kg8 39. Rcg7+ Kf8 40.
Ra7 Nc4 41. Rh8# 1-0

[Event "Collado Villalba op-A 35th"]
[Site "Collado Villalba ESP"]
[Date "2018.08.25"]
[Round "2.14"]
[White "Camacho Casado, Natalio"]
[Black "Cuellar Gutierrez, Raul"]
[Result "1-0"]
[WhiteElo "1836"]
[BlackElo "1927"]
[PlyCount "63"]
[EventDate "2018.08.24"]
[EventType "swiss"]
[EventRounds "9"]
[EventCountry "ESP"]
[SourceTitle "Ajedrez en Madrid"]
[Source "lmi"]
[SourceDate "2018.08.24"]

1. d4 Nf6 2. c4 g6 3. Nc3 d5 4. cxd5 Nxd5 5. Qb3 Nf6 6. Nf3 Bg7 7. e4 O-O 8.
Be2 c6 9. e5 Ng4 10. h3 Nh6 11. g4 Qb6 12. Qc2 a5 13. Be3 Qd8 14. Qd2 Nf5 15.
gxf5 Bxf5 16. Bd3 Bd7 17. Bh6 Na6 18. Bxg7 Kxg7 19. a3 Nc7 20. O-O-O b5 21. Ne4
Be6 22. Nc5 Bd5 23. Be4 a4 24. h4 Bxe4 25. Nxe4 Nd5 26. h5 b4 27. hxg6 fxg6 28.
Qh6+ Kf7 29. Qxh7+ Ke8 30. Qxg6+ Kd7 31. Nc5+ Kc8 32. Qxc6+ 1-0

[Event "Collado Villalba op-A 35th"]
[Site "Collado Villalba ESP"]
[Date "2018.08.25"]
[Round "2.15"]
[White "Lobato Lavin, Alvaro"]
[Black "Pardo Veguezzi, Jose Manuel"]
[Result "0-1"]
[WhiteElo "1923"]
[BlackElo "1800"]
[PlyCount "66"]
[EventDate "2018.08.24"]
[EventType "swiss"]
[EventRounds "9"]
[EventCountry "ESP"]
[SourceTitle "Ajedrez en Madrid"]
[Source "lmi"]
[SourceDate "2018.08.24"]

1. e4 c5 2. Nf3 d6 3. d4 cxd4 4. c3 Nf6 5. e5 dxe5 6. Nxe5 Nc6 7. Nxc6 bxc6 8.
cxd4 e6 9. Nc3 c5 10. Qf3 Rb8 11. Bb5+ Nd7 12. Bf4 Rb6 13. Qg3 Qf6 14. Be5 Qg6
15. Qh3 a6 16. Bd3 Qg5 17. Ne4 Qd8 18. O-O Nxe5 19. dxe5 Rxb2 20. Rad1 Qb6 21.
Qg3 Qb8 22. Qg5 Bd7 23. Bxa6 h6 24. Qg3 Rb6 25. Bc4 Rb4 26. Bd3 Rd4 27. Bb1 Rd5
28. Rxd5 exd5 29. Nd6+ Bxd6 30. Qxg7 Bxe5 31. Re1 Be6 32. Qxe5 Qxe5 33. Rxe5
Kd7 0-1

[Event "Collado Villalba op-A 35th"]
[Site "Collado Villalba ESP"]
[Date "2018.08.25"]
[Round "2.16"]
[White "Carrasco Coquillat, Jorge"]
[Black "Sotoca Aguado, Jose"]
[Result "1-0"]
[WhiteElo "1799"]
[BlackElo "1920"]
[PlyCount "207"]
[EventDate "2018.08.24"]
[EventType "swiss"]
[EventRounds "9"]
[EventCountry "ESP"]
[SourceTitle "Ajedrez en Madrid"]
[Source "lmi"]
[SourceDate "2018.08.24"]

1. c4 Nf6 2. Nc3 e5 3. Nf3 Nc6 4. g3 Be7 5. Bg2 O-O 6. O-O d6 7. d3 a6 8. Rb1
Bg4 9. h3 Bd7 10. b4 Qc8 11. Kh2 Nd4 12. e3 Nxf3+ 13. Qxf3 Bc6 14. Qe2 Bxg2 15.
Kxg2 c6 16. e4 Nd7 17. f4 exf4 18. Bxf4 Ne5 19. c5 Qe6 20. d4 Ng6 21. d5 Nxf4+
22. gxf4 cxd5 23. Nxd5 Rad8 24. f5 Qe5 25. f6 Bxf6 26. Qg4 Qg5 27. Nxf6+ gxf6
28. Rxf6 Qxg4+ 29. hxg4 dxc5 30. bxc5 Rd7 31. Rfb6 Rc8 32. Rxb7 Rxb7 33. Rxb7
Rxc5 34. Rb2 Rc3 35. Kf2 Kg7 36. Re2 Kf6 37. Re3 Rc2+ 38. Re2 Rc4 39. Kf3 Ke5
40. Re3 a5 41. Re2 Rc3+ 42. Re3 Kd4 43. Rxc3 Kxc3 44. Kf4 Kb2 45. Kf5 Kxa2 46.
Kf6 Kb3 47. Kxf7 a4 48. e5 a3 49. e6 a2 50. e7 a1=Q 51. e8=Q Qf1+ 52. Kg7 Qh3
53. Qh5 Qd3 54. Qf5 Qh3 55. Qh5 Qc3+ 56. Kxh7 Qc7+ 57. Kh6 Qf4+ 58. Qg5 Qf8+
59. Qg7 Qd6+ 60. Qg6 Qh2+ 61. Kg5 Qe5+ 62. Qf5 Qe3+ 63. Kg6 Qb6+ 64. Kh5 Qd8
65. g5 Qh8+ 66. Kg4 Qd4+ 67. Qf4 Qd7+ 68. Kg3 Qe6 69. Qf6 Qe1+ 70. Kg4 Qe4+ 71.
Kh5 Qh7+ 72. Qh6 Qf5 73. Qf6 Qh7+ 74. Kg4 Qe4+ 75. Qf4 Qe6+ 76. Kh4 Qg6 77.
Qe3+ Kc4 78. Qe5 Qh7+ 79. Kg4 Qd7+ 80. Qf5 Qd1+ 81. Qf3 Qd7+ 82. Kh4 Qh7+ 83.
Qh5 Qe7 84. Qh6 Qe4+ 85. Kh5 Qf5 86. Qf6 Qh7+ 87. Kg4 Qd7+ 88. Kh4 Qh7+ 89. Kg3
Qd3+ 90. Kf4 Qd2+ 91. Kf5 Qd3+ 92. Ke6 Qe4+ 93. Kf7 Qh7+ 94. Kf8 Qh3 95. g6
Qc8+ 96. Kg7 Qh3 97. Qf7+ Kc5 98. Kg8 Kc6 99. Qe8+ Kd6 100. g7 Qb3+ 101. Qf7
Qh3 102. Qf6+ Kd5 103. Kf7 Qd7+ 104. Kg6 1-0

[Event "Collado Villalba op-A 35th"]
[Site "Collado Villalba ESP"]
[Date "2018.08.25"]
[Round "2.17"]
[White "Martin Arbeloa, Fernando"]
[Black "Sancho Castiello, Federico"]
[Result "1-0"]
[WhiteElo "1918"]
[BlackElo "1795"]
[PlyCount "123"]
[EventDate "2018.08.24"]
[EventType "swiss"]
[EventRounds "9"]
[EventCountry "ESP"]
[SourceTitle "Ajedrez en Madrid"]
[Source "lmi"]
[SourceDate "2018.08.24"]

1. d4 Nf6 2. c4 e6 3. Nc3 Bb4 4. e3 O-O 5. Nge2 d5 6. a3 Bd6 7. Ng3 b6 8. Be2
Bb7 9. O-O dxc4 10. Bxc4 Nbd7 11. b4 c5 12. dxc5 Be5 13. Bb2 bxc5 14. b5 Nb6
15. Be2 Nbd5 16. Qb3 Qe7 17. Rfd1 Rfd8 18. Nf1 Rac8 19. Rac1 Nxc3 20. Bxc3 Bxc3
21. Qxc3 Nd5 22. Qb2 Nb6 23. Rxd8+ Qxd8 24. Qc2 Qh4 25. Rd1 Bd5 26. g3 Qa4 27.
Qc3 Bc4 28. Qd2 Bxb5 29. Bxb5 Qxb5 30. e4 h6 31. Ne3 c4 32. Rc1 a5 33. Qd4 Qc5
34. Qxc5 Rxc5 35. Rc3 Kf8 36. f4 Ke7 37. Kf2 Kd6 38. Rc1 Kc6 39. Ke2 f5 40.
exf5 exf5 41. Kd2 g6 42. h4 h5 43. Rc2 Kb5 44. Rb2+ Kc6 45. Rc2 Kd6 46. Rc1 Rc6
47. Kc3 Kc5 48. Rd1 Na4+ 49. Kc2 Nb6 50. Kc3 Kb5 51. Rb1+ Ka4 52. Rb2 Kxa3 53.
Rxb6 Rxb6 54. Nxc4+ Ka4 55. Nxb6+ Kb5 56. Nd7 Kc6 57. Ne5+ Kd5 58. Nxg6 Ke4 59.
Kb3 Kf3 60. Ka4 Kxg3 61. Kxa5 Kf3 62. Kb5 1-0

[Event "Collado Villalba op-A 35th"]
[Site "Collado Villalba ESP"]
[Date "2018.08.25"]
[Round "2.18"]
[White "Trujillo Martin, Carlos"]
[Black "Perez Vazquez, Manuel"]
[Result "0-1"]
[WhiteElo "1761"]
[BlackElo "1903"]
[PlyCount "62"]
[EventDate "2018.08.24"]
[EventType "swiss"]
[EventRounds "9"]
[EventCountry "ESP"]
[SourceTitle "Ajedrez en Madrid"]
[Source "lmi"]
[SourceDate "2018.08.24"]

1. d4 g6 2. Bf4 d6 3. Nf3 Bg7 4. e3 Nd7 5. c3 e5 6. Bg3 e4 7. Nfd2 f5 8. h4
Ndf6 9. Be2 h6 10. c4 Ne7 11. Nc3 O-O 12. b4 a6 13. c5 d5 14. Qb3 Kh7 15. a4 c6
16. Rb1 Bd7 17. b5 axb5 18. axb5 Nh5 19. Bxh5 gxh5 20. bxc6 bxc6 21. Qb6 Qe8
22. Qc7 Ng6 23. Rb7 Rf7 24. Rb8 Rxb8 25. Qxb8 f4 26. Qxe8 Bxe8 27. Bxf4 Nxf4
28. exf4 Bxd4 29. Rh3 Bxc5 30. Ne2 Bd6 31. Ra3 Bxa3 0-1

[Event "Collado Villalba op-A 35th"]
[Site "Collado Villalba ESP"]
[Date "2018.08.26"]
[Round "3.1"]
[White "Longa Yauca, Javier"]
[Black "Martin Duque, Jesus"]
[Result "1/2-1/2"]
[WhiteElo "2268"]
[BlackElo "2378"]
[PlyCount "165"]
[EventDate "2018.08.24"]
[EventType "swiss"]
[EventRounds "9"]
[EventCountry "ESP"]
[SourceTitle "Ajedrez en Madrid"]
[Source "lmi"]
[SourceDate "2018.08.24"]

1. Nf3 Nf6 2. d4 e6 3. g3 b6 4. Bg2 Bb7 5. Bg5 Be7 6. O-O c5 7. dxc5 bxc5 8. c4
O-O 9. Nc3 Qb6 10. e4 h6 11. Na4 Qc6 12. Bxf6 Bxf6 13. Qb3 Be7 14. Rfd1 Qc8 15.
e5 Nc6 16. Qe3 Nd4 17. Qd3 Rb8 18. Nc3 Bxf3 19. Bxf3 Nc6 20. Bxc6 Qxc6 21. Rd2
Rfd8 22. Qe4 Qxe4 23. Nxe4 g5 24. Nc3 d6 25. exd6 Rxd6 26. Rxd6 Bxd6 27. Nb5
Be7 28. b3 a5 29. Rd1 Rd8 30. Rxd8+ Bxd8 31. f4 f5 32. h3 Kf7 33. Kg2 Kf6 34.
Kf3 gxf4 35. gxf4 Kg6 36. Nd6 Bc7 37. Nb7 Bb6 38. Nd6 Kf6 39. Ke3 e5 40. fxe5+
Kxe5 41. Nf7+ Kf6 42. Nd6 Ke5 43. Nb5 Bd8 44. Nc3 Bg5+ 45. Kd3 Ke6 46. Nd5 h5
47. a3 Bc1 48. b4 cxb4 49. axb4 a4 50. Kc2 Bg5 51. b5 Kd6 52. Nc3 a3 53. Kb3
Bf6 54. Nd5 Bb2 55. Nf4 Be5 56. Nd3 Bg3 57. c5+ Kd5 58. c6 Bd6 59. h4 f4 60.
Ne1 Kc5 61. Kxa3 Kxb5+ 62. Kb3 Kxc6 63. Kc4 Be7 64. Nf3 Bf6 65. Kd3 Kd5 66. Ke2
Ke4 67. Nd2+ Kf5 68. Kf3 Bxh4 69. Nb3 Bf6 70. Nc1 Be5 71. Ne2 h4 72. Ng1 Bd4
73. Nh3 Be3 74. Nxf4 Bxf4 75. Kg2 Ke4 76. Kh3 Bg3 77. Kg2 Ke3 78. Kg1 Kd2 79.
Kg2 Ke2 80. Kg1 h3 81. Kh1 Be5 82. Kg1 Kf3 83. Kh1 1/2-1/2

[Event "Collado Villalba op-A 35th"]
[Site "Collado Villalba ESP"]
[Date "2018.08.26"]
[Round "3.2"]
[White "Quispe Arteaga, Gabriel"]
[Black "Brull Cortes, Boris"]
[Result "1-0"]
[WhiteElo "2312"]
[BlackElo "2029"]
[PlyCount "64"]
[EventDate "2018.08.24"]
[EventType "swiss"]
[EventRounds "9"]
[EventCountry "ESP"]
[SourceTitle "Ajedrez en Madrid"]
[Source "lmi"]
[SourceDate "2018.08.24"]

1. d4 Nf6 2. Nf3 g6 3. g3 Bg7 4. Bg2 O-O 5. O-O d6 6. b3 c5 7. Bb2 Nc6 8. c4
Bd7 9. Nbd2 Qc7 10. d5 Na5 11. e4 b5 12. cxb5 Bxb5 13. Re1 Qb6 14. Nb1 e5 15.
dxe6 fxe6 16. Na3 Bd7 17. Qd2 Rad8 18. Bc3 Nb7 19. Rad1 Bc8 20. Nc4 Qc6 21. e5
dxe5 22. Nfxe5 Rxd2 23. Nxc6 Rxd1 24. Rxd1 Nd5 25. Bxg7 Kxg7 26. Bxd5 exd5 27.
Rxd5 Bh3 28. N6e5 Be6 29. Rd2 Rc8 30. f4 Nd8 31. Kf2 Nf7 32. Nxf7 Kxf7 1-0

[Event "Collado Villalba op-A 35th"]
[Site "Collado Villalba ESP"]
[Date "2018.08.26"]
[Round "3.3"]
[White "Reyes Peñas, Sebastian"]
[Black "Perez Gonzalez, Jose Manuel"]
[Result "1-0"]
[WhiteElo "2103"]
[BlackElo "2277"]
[PlyCount "141"]
[EventDate "2018.08.24"]
[EventType "swiss"]
[EventRounds "9"]
[EventCountry "ESP"]
[SourceTitle "Ajedrez en Madrid"]
[Source "lmi"]
[SourceDate "2018.08.24"]

1. e4 c5 2. Nf3 d6 3. d4 cxd4 4. Nxd4 Nf6 5. Nc3 a6 6. g3 e5 7. Nde2 b5 8. Bg2
Nbd7 9. h3 Be7 10. O-O Nb6 11. g4 b4 12. Nd5 Nfxd5 13. exd5 f5 14. gxf5 Bxf5
15. f4 Rc8 16. fxe5 Bxc2 17. Qd4 Rc4 18. Qe3 dxe5 19. Qxe5 Qc7 20. Qe6 Bg6 21.
Bf4 Qd7 22. Be3 Qxe6 23. dxe6 Bc5 24. Bxc5 Rxc5 25. Rac1 Rxc1 26. Rxc1 O-O 27.
Rc6 Rb8 28. Nf4 Be8 29. Rc7 g5 30. Nd3 a5 31. Ne5 Rc8 32. Rb7 Nc4 33. Ng4 Bg6
34. Nf6+ Kh8 35. e7 Nd6 36. Rd7 Rc1+ 37. Kf2 Rc2+ 38. Kf3 Ne8 39. Nxe8 Bxe8 40.
Rd8 Kg7 41. Rxe8 Kf7 42. Rh8 Kxe7 43. Rxh7+ Kf6 44. Rh6+ Ke5 45. Rh5 Kf6 46.
Rh6+ Ke5 47. Rg6 Kf5 48. Ra6 Rxb2 49. Rxa5+ Kf6 50. Rb5 Rxa2 51. Rxb4 Kf5 52.
Rb5+ Kf6 53. Kg3 Ra3+ 54. Bf3 Rc3 55. Rb6+ Kf5 56. Rb8 Ra3 57. Rf8+ Kg6 58. Kg2
Ra2+ 59. Kg3 Ra3 60. Kf2 Ra2+ 61. Be2 Ra3 62. Bf1 Ra2+ 63. Ke3 Ra3+ 64. Bd3+
Kg7 65. Rf5 Kh6 66. Ke4 Ra4+ 67. Ke5 Ra5+ 68. Kf6 Rxf5+ 69. Bxf5 Kh5 70. Kg7
Kh4 71. Kh6 1-0

[Event "Collado Villalba op-A 35th"]
[Site "Collado Villalba ESP"]
[Date "2018.08.26"]
[Round "3.4"]
[White "Valles Moreno, Ivan"]
[Black "Carrasco Coquillat, Alvaro"]
[Result "1-0"]
[WhiteElo "2416"]
[BlackElo "1865"]
[PlyCount "63"]
[EventDate "2018.08.24"]
[EventType "swiss"]
[EventRounds "9"]
[EventCountry "ESP"]
[SourceTitle "Ajedrez en Madrid"]
[Source "lmi"]
[SourceDate "2018.08.24"]

1. e4 c5 2. Nf3 d6 3. d4 cxd4 4. Qxd4 Nc6 5. Bb5 a6 6. Bxc6+ bxc6 7. c4 Bb7 8.
Nc3 Nf6 9. Bg5 c5 10. Qd3 e6 11. O-O-O Be7 12. Rhe1 Qc7 13. Bxf6 gxf6 14. g3
O-O-O 15. Nh4 Kb8 16. Kb1 Bc6 17. f4 Ka7 18. f5 Rb8 19. Re2 Qb7 20. Rdd2 h5 21.
Ng2 Rbg8 22. Nf4 Bd7 23. h3 Rg5 24. h4 Rg4 25. Re3 a5 26. fxe6 fxe6 27. Nb5+
Bxb5 28. cxb5 Qd7 29. Qc4 Kb6 30. Nxe6 Rc8 31. Nf4 f5 32. Qf7 1-0

[Event "Collado Villalba op-A 35th"]
[Site "Collado Villalba ESP"]
[Date "2018.08.26"]
[Round "3.5"]
[White "Cao Armillas, Jesus"]
[Black "Martinez Fernandez, Raul"]
[Result "1-0"]
[WhiteElo "2043"]
[BlackElo "2199"]
[PlyCount "73"]
[EventDate "2018.08.24"]
[EventType "swiss"]
[EventRounds "9"]
[EventCountry "ESP"]
[SourceTitle "Ajedrez en Madrid"]
[Source "lmi"]
[SourceDate "2018.08.24"]

1. d4 d5 2. Nf3 Nf6 3. c4 c6 4. Nc3 dxc4 5. a4 Na6 6. e3 Bg4 7. Bxc4 e6 8. O-O
Be7 9. h3 Bxf3 10. Qxf3 Nb4 11. Rd1 O-O 12. Qe2 Qc7 13. e4 h6 14. Be3 Rad8 15.
Rd2 Rd7 16. Rad1 Rfd8 17. Kh1 Qa5 18. f4 Na6 19. Bf2 Nc7 20. Bb3 Kh8 21. Qf3
Ng8 22. Rd3 f5 23. exf5 Qxf5 24. g4 Qa5 25. Re1 Bb4 26. Re5 Qa6 27. g5 Bd6 28.
Re4 Nd5 29. Nxd5 exd5 30. Re1 Bxf4 31. gxh6 Nxh6 32. Bc2 Rf7 33. Qh5 Rf6 34.
Bh4 Rf5 35. Re8+ Rxe8 36. Qxe8+ Ng8 37. Rf3 1-0

[Event "Collado Villalba op-A 35th"]
[Site "Collado Villalba ESP"]
[Date "2018.08.26"]
[Round "3.6"]
[White "Lopez de Turiso, Jose Angel"]
[Black "Mkrtchyan, Levon"]
[Result "0-1"]
[WhiteElo "1990"]
[BlackElo "2128"]
[PlyCount "82"]
[EventDate "2018.08.24"]
[EventType "swiss"]
[EventRounds "9"]
[EventCountry "ESP"]
[SourceTitle "Ajedrez en Madrid"]
[Source "lmi"]
[SourceDate "2018.08.24"]

1. d4 Nf6 2. c4 c5 3. Nf3 cxd4 4. Nxd4 e5 5. Nb5 d5 6. cxd5 Bc5 7. N5c3 O-O 8.
h3 Qb6 9. e3 Bf5 10. g4 Bg6 11. Bg2 h6 12. O-O e4 13. Nd2 Re8 14. Qc2 Bb4 15.
Ndxe4 Bxc3 16. Nxf6+ Bxf6 17. e4 Na6 18. Be3 Qxb2 19. Qxb2 Bxb2 20. Rab1 Bf6
21. Rxb7 Bxe4 22. d6 Bxg2 23. Kxg2 Reb8 24. Rfb1 Rxb7 25. Rxb7 Rd8 26. d7 Nb8
27. Bxa7 Nxd7 28. a4 Ne5 29. f4 Rd2+ 30. Kg3 Nc6 31. Be3 Ra2 32. Rc7 Na5 33.
Rc8+ Kh7 34. Rf8 Rxa4 35. Rxf7 Ra3 36. Kf2 Nc4 37. g5 hxg5 38. fxg5 Nd6 39. Rd7
Ne4+ 40. Ke2 Nxg5 41. h4 Ne4 0-1

[Event "Collado Villalba op-A 35th"]
[Site "Collado Villalba ESP"]
[Date "2018.08.26"]
[Round "3.7"]
[White "Pastor Alonso de Prado, Emilio Alberto"]
[Black "Fernandez de Pablo, Miguel Angel"]
[Result "1/2-1/2"]
[WhiteElo "2112"]
[BlackElo "2107"]
[PlyCount "57"]
[EventDate "2018.08.24"]
[EventType "swiss"]
[EventRounds "9"]
[EventCountry "ESP"]
[SourceTitle "Ajedrez en Madrid"]
[Source "lmi"]
[SourceDate "2018.08.24"]

1. e4 d6 2. d4 Nf6 3. Bd3 g6 4. Nc3 Bg7 5. f4 e5 6. dxe5 dxe5 7. Nf3 exf4 8.
Bxf4 O-O 9. O-O c6 10. Kh1 Bg4 11. Qe1 Nbd7 12. Qh4 Bxf3 13. Rxf3 Qb6 14. Raf1
Qxb2 15. Nd1 Qd4 16. Bg5 Rae8 17. Rxf6 Nxf6 18. Bxf6 Bxf6 19. Qxf6 Qxf6 20.
Rxf6 Kg7 21. Rf1 Re5 22. a4 Rd8 23. Ne3 Rd4 24. Ra1 f5 25. Nc4 Rc5 26. Nd2 Ra5
27. Nc4 Rc5 28. Nd2 Ra5 29. Nc4 1/2-1/2